Noms des Equipages Pirates dans One Piece - Statistiques

Statistiques générales
  • Ce quiz a été pris 48 fois
    12 depuis la dernière actualisation
  • Le résultat moyen est 35 sur 73
Statistiques - réponses
Capitaine(s) Nom de l'équipage % Correct
Crocodile Baroque Works
100%
Baggy/Mihawk/Crocodile Cross Guild
90%
Don Krieg Armada Pirate de Don Krieg
80%
Bartolomeo Barto Club
80%
Kaido Equipage aux Cent Bêtes
80%
Alvida Equipage d'Alvida
80%
Arlong Equipage d'Arlong
80%
Barbe Blanche Equipage de Barbe Blanche
80%
Barbe Brune Equipage de Barbe Brune
80%
Barbe-Noire Equipage de Barbe-Noire
80%
Barbe Rose Equipage de Barbe Rose
80%
Big Mom Equipage de Big Mom
80%
Bluejam Equipage de Bluejam
80%
Jewelry Bonney Equipage de Bonney
80%
Caribou/Coribou Equipage de Caribou
80%
Foxy Equipage de Foxy
80%
Gyro Equipage de Gyro
80%
Eustass Kid Equipage de Kid
80%
Rocks D.Xebec Equipage de Rocks
80%
Roshio Equipage de Roshio
80%
Dorry et Brogy Equipage des Géants
80%
Diez Barrels Equipage de Diez Barrels
70%
Donquichotte Doflamingo Equipage de Donquichotte Doflamingo
70%
Basil Hawkins Equipage de Hawkins
70%
Gol D.Roger Equipage des Pirates Roger
70%
Trafalgar D.Waterlaw Equipage du Heart
70%
A O Equipage d'A O
60%
X Drake Equipage de Drake
60%
Boa Hancock Equipage des Pirates Kuja
60%
Monkey D.Luffy Equipage du Chapeau de Paille
60%
Kuro Equipage du Chat Noir
60%
Baggy Equipage du Clown
60%
Portgas D.Ace Equipage des Pirates Spade
50%
Usopp Equipage du Capitaine Usopp
50%
Capone Gang Bege Equipage du Firetank
50%
Shanks Equipage du Roux
50%
Hajrudin Nouvel Equipage des Géants
50%
Hody Jones Nouvel Equipage des Hommes-Poissons
50%
Cavendish Equipage des Magnifiques Pirates
40%
Fisher Tiger/Jinbe/Aladdin Equipage des Pirates du Soleil
40%
Yorki/Brook Equipage des Pirates Rumbar
40%
Who's Who Equipage de Who's Who
40%
Bellamy Equipage du New Age
40%
Ace/Sabo/Luffy Equipage ASL
30%
Mikazuki Equipage des Gros Casques
30%
Galley Equipage du Croissant de Lune
30%
Shiki Equipage du Lion d'Or
30%
Scratchmen Apoo Equipage du On-Air
30%
Orlumbus Flotte Yonta Maria
30%
Croatini Equipage de la Flaque
20%
Devil Dias Equipage des Acumates
20%
Macro Equipage des Maquereaux
20%
Urouge Equipage des Moines Dépravés
20%
Van der Decken IX Equipage des Pirates Volants
20%
Billy Equipage des Pirates Yes
20%
Wapol Equipage du Bliking
20%
Zeff Equipage du Cook
20%
Demalo Black Faux Equipage du Chapeau de Paille
20%
Montblanc Cricket/Masira/Shojo Ligue des Primates
20%
Gecko Moria Thriller Bark
20%
Ideo XXX Gym Martial Arts Alliance
20%
Linaria Equipage des Papillons de nuit
10%
Charlotte Laura Equipage des Pirates Rolling
10%
Squardo Equipage des Spider Maelstrom
10%
Karma Equipage Takotopus
10%
Little Oz Junior Little Pirates
10%
Chichilisia Nihou Navy
10%
Pururu Pirates Bourgeois
10%
Kibagaeru Pirates de la Grenouille Cornue
10%
Pedro Pirates de Nox
10%
Sasaki Pirates de Sasaki
10%
Baggy/Alvida Pirates d'Expédition
10%
Fugah Social Club
10%
Aucun quiz correspondant
Distribution des résultats
% des personnes avec chaque résultat
Percentile par nombre de réponses
Votre historique - résultats
Vous n’avez pas pris ce quiz depuis la dernière actualisation